Państwa Ameryki Południowej - Flagi - Statystyki

Ogólne statystyki
  • Ten quiz został rozwiązany 21 razy
  • Średni wynik to 12 z 12
Statystyki odpowiedzi
Obrazkowy Odpowiedź % Poprawnych
Argentyna
100%
Brazylia
100%
Chile
100%
Ekwador
100%
Kolumbia
100%
Paragwaj
100%
Peru
100%
Urugwaj
100%
Wenezuela
100%
Boliwia
93%
Gujana
87%
Surinam
87%
Nie znaleziono quizów pasujących do podanych kryteriów
Rozkład punktacji
Procent ludzi z każdym wynikiem
Percentyl według liczby udzielonych odpowiedzi
Twoja historia wyników
Nie rozwiązałeś tego quizu